| 000 | 00444nam a22001337a 4500 | ||
|---|---|---|---|
| 003 | OSt | ||
| 005 | 20150729121351.0 | ||
| 008 | 150729s1960 sp ||||| |||| 00| 0 spa d | ||
| 040 |
_bcat _cCPC Girona |
||
| 245 |
_aEstatutos para regimen y gobierno de los colegios de arquitectos. _bReglamento de regimen interno |
||
| 260 |
_aBarcelona _bColegio Oficial de Arquitectos de Cataluña y Baleares _c1960 |
||
| 300 |
_a62p. _c15,7cm. |
||
| 942 |
_2udc _cFULLET |
||
| 999 |
_c6882 _d6882 |
||